El conde lucanor /

Guardado en:
Autor Principal: Juan Manuel, Don
Formato: Libro
Publicado: Santiago de Chile : Del Pacífico, 1978
Edición:3a. ed.
Materias:
Etiquetas: Agregar Etiqueta
Sin Etiquetas, Sea el primero en etiquetar este registro!
LEADER 00544nam a22001815a 4500
001 EHU.bham044161
003 AR-BHAM
005 20160816143127.0
008 130507s1978##################000#0#####d
082 8 6 |a 863.1 
100 1 |a Juan Manuel, Don 
245 1 0 |a El conde lucanor /  |c  Infante Don Juan Manuel 
250 |a 3a. ed. 
260 |a Santiago de Chile :  |b Del Pacífico,  |c 1978 
300 |a 226 p. 
653 |a Literatura española medieval 
653 |a Novela española medieval 
859 |a AR-BHAM  |b BIB. HUMANIDADES - General  |h 863.1  |i J87-6  |p 392.16  |t Ej.1